Asia pecific in 1990s : (Record no. 123609)

MARC details
000 -LEADER
fixed length control field 00888nam a22002537a 4500
005 - DATE AND TIME OF LATEST TRANSACTION
control field 20170124105927.0
010 ## - LIBRARY OF CONGRESS CONTROL NUMBER
LC control number A-414745
020 ## - INTERNATIONAL STANDARD BOOK NUMBER
Terms of availability 00
035 ## - SYSTEM CONTROL NUMBER
System control number A-414745
037 ## - SOURCE OF ACQUISITION
Source of stock number/acquisition Cen Lib/Ret
040 ## - CATALOGING SOURCE
Original cataloging agency DPL
Language of cataloging EN
082 ## - DEWEY DECIMAL CLASSIFICATION NUMBER
Classification number 327.47
100 ## - MAIN ENTRY--PERSONAL NAME
Personal name Ivanov, Vladimir I.
9 (RLIN) 7171
245 ## - TITLE STATEMENT
Title Asia pecific in 1990s :
Statement of responsibility, etc by Vladimir I. Ivanov, Victor A. Vrevsky
Remainder of title soviet security perception /
260 ## - PUBLICATION, DISTRIBUTION, ETC. (IMPRINT)
Place of publication, distribution, etc New Delhi
Name of publisher, distributor, etc Allied Publishers
Date of publication, distribution, etc 1989
270 ## - ADDRESS
City New Delhi
Address 13/14, asaf ali road
Postal code 110002
300 ## - PHYSICAL DESCRIPTION
Extent ix, 158p.
Dimensions 20cm(Hb)
650 ## - SUBJECT ADDED ENTRY--TOPICAL TERM
Topical term or geographic name as entry element Foreign policy
Geographic subdivision Asia-USSR
9 (RLIN) 7172
650 ## - SUBJECT ADDED ENTRY--TOPICAL TERM
Topical term or geographic name as entry element Security Perceptions
9 (RLIN) 7173
650 ## - SUBJECT ADDED ENTRY--TOPICAL TERM
Topical term or geographic name as entry element विदेश नीति
Geographic subdivision एशिया-सोवियत संघ
9 (RLIN) 7174
650 ## - SUBJECT ADDED ENTRY--TOPICAL TERM
Topical term or geographic name as entry element सुरक्षा धारणाएं
9 (RLIN) 442
700 ## - ADDED ENTRY--PERSONAL NAME
Personal name Vrevsky, Victor A.
9 (RLIN) 7175
942 ## - ADDED ENTRY ELEMENTS (KOHA)
Source of classification or shelving scheme Dewey Decimal Classification
Koha item type English Books
Classification part 327.47
Call number suffix IVA
Holdings
Withdrawn status Lost status Damaged status Not for loan Home library Current library Date acquired Source of acquisition Cost, normal purchase price Total Checkouts Full call number Barcode Date last seen Copy number Cost, replacement price Price effective from Koha item type Public note
Written off       Central Library Central Library 09/06/2015 Cen Lib/Ret 0.00   327.47 IVA A-414745 09/06/2015 1 0.00 09/06/2015 English Books W/d List No. 6888/ 19; dtd 09/09/2020

© Delhi Public Library
Hit Counter
free hit counter